State of Pakistan (Record no. 627)

MARC details
000 -LEADER
fixed length control field 00574nam a2200241 a 4500
020 ## - INTERNATIONAL STANDARD BOOK NUMBER
ISBN
082 00 - DEWEY DECIMAL CLASSIFICATION NUMBER
Classification number 954.91
Author Cutter WIL
100 ## - MAIN ENTRY--AUTHOR NAME
Author name Williams, Rushbrook L F
245 ## - TITLE STATEMENT
Title State of Pakistan
260 ## - PUBLICATION, DISTRIBUTION, ETC. (IMPRINT)
Place of publication London
Name of publisher Faber and Faber Limited
Year of publication 1962
300 ## - PHYSICAL DESCRIPTION
Number of Pages 254p
500 ## - GENERAL NOTE
General note includes index and biblioraphy
505 2# - FORMATTED CONTENTS NOTE
Formatted contents note Index
650 ## - SUBJECT ADDED ENTRY--TOPICAL TERM
Topical Term Pakistan
942 ## - ADDED ENTRY ELEMENTS (KOHA)
Koha item type Books
700 1# -
-- Williams, Rushbrook L F
Holdings
Collection code Home library Current library Date acquired Cost, normal purchase price Full call number Accession Number Koha item type
  Henry Martyn Institute Library Henry Martyn Institute Library 05/24/2005 0.00 954.91 WIL 02654 Books
                   Copyright © 2026 | Henry Martyn Institute | Hyderabad | TS-500052 | INDIA | Implemented by hmi.edu.in
Hit-Count:

Powered by Koha